00337nam a22001337a 4500003000400000020001800004082001800022100002200040245006400062250001300126260003200139300000800171650002400179SGT a9780323698204 a617.645bM22D aDean, Jeffrey A.  aMcDonald and Avery's Dentistry for the Child and adolescent a11th ed. aNetherlandsbElsevierc2022 a734 aPediatric Dentistry